[Event "Zuerich op-B 39th"]
[Site "Zuerich"]
[Date "2015.12.30"]
[Round "7"]
[White "Frommherz, Stefan Martin"]
[Black "Lips, Adrian"]
[Result "1-0"]
[WhiteElo "1853"]
[BlackElo "1967"]
[PlyCount "57"]
[EventDate "2015.12.26"]
[EventType "swiss"]
[EventRounds "7"]
[EventCountry "SUI"]
[SourceTitle "CBM 170 Extra"]
[Source "ChessBase"]
[SourceDate "2016.02.25"]
[SourceVersion "1"]
[SourceVersionDate "2016.02.25"]
[SourceQuality "1"]

1. Nf3 d5 2. c4 c6 3. e3 Nf6 4. Nc3 a6 5. a4 a5 6. cxd5 Nxd5 7. d4 Bf5 8. Qb3 Nb4 9. Bc4 e6 10. e4 Bg6 11. Be3 Nd7 12. Rd1 Nf6 13. Bg5 Be7 14. Bxf6 Bxf6 15. 0-0 0-0 16. Ne5 Bxe5 17. dxe5 Qb6 18. Rd7 Rfd8 19. Rfd1 Kf8 20. Bxe6 fxe6 21. Qxe6 Re8 22. Qd6+ Kg8 23. e6 Rf8 24. Rd2 Be8 25. Re7 Na6 26. Qg3 Bg6 27. Rdd7 Rad8 28. Rxg7+ Kh8 29. Rxh7+ 1-0

[Event "Stein am Rhein op 2nd"]
[Site "Stein am Rhein"]
[Date "2014.03.02"]
[Round "5"]
[White "Meier, Rodrigo"]
[Black "Frommherz, Stefan Martin"]
[Result "1-0"]
[WhiteElo "2019"]
[BlackElo "1864"]
[PlyCount "125"]
[EventDate "2014.02.28"]
[EventType "swiss"]
[EventRounds "5"]
[EventCountry "SUI"]
[SourceTitle "CBM 159 Extra"]
[Source "ChessBase"]
[SourceDate "2014.04.24"]
[SourceVersion "1"]
[SourceVersionDate "2014.04.24"]
[SourceQuality "1"]

1. d4 Nf6 2. Nf3 e6 3. Bg5 d5 4. e3 h6 5. Bh4 Bd6 6. Nbd2 Nbd7 7. c3 c6 8. Bd3 Qc7 9. Qe2 e5 10. e4 0-0 11. 0-0 exd4 12. Bxf6 dxe4 13. Nxe4 gxf6 14. Nxd6 Qxd6 15. Nxd4 Qf4 16. g3 Qe5 17. Qg4+ Qg5 18. Qe4 f5 19. Qxf5 Nf6 20. Qxg5+ hxg5 21. Rfe1 Nd5 22. Nf5 b5 23. Ne7+ Nxe7 24. Rxe7 Be6 25. Be4 Rfc8 26. Rd1 Kf8 27. Rb7 a5 28. Rb6 Rd8 29. Rxd8+ Rxd8 30. Kg2 Bxa2 31. Bxc6 Bd5+ 32. Bxd5 Rxd5 33. g4 Ke7 34. Kf3 a4 35. h4 Rd3+ 36. Kg2 gxh4 37. Rxb5 h3+ 38. Kh2 Rd2 39. Kxh3 Rxf2 40. Rb4 a3 41. bxa3 Rf3+ 42. Kh4 Rxc3 43. Ra4 f6 44. Kh5 Rc8 45. Kg6 Rg8+ 46. Kf5 Rg5+ 47. Kf4 Rc5 48. Ra8 Rc4+ 49. Kg3 Rc1 50. a4 Rg1+ 51. Kf3 Rf1+ 52. Kg2 Rf4 53. Kg3 Rf1 54. a5 Rg1+ 55. Kf3 Ra1 56. a6 Ra3+ 57. Kf4 Ra4+ 58. Kg3 Kd7 59. a7 Ke7 60. Rh8 Ra3+ 61. Kf2 Ra2+ 62. Ke3 Ra3+ 63. Kd2 1-0